000 01019nam a2200253 i 4500
001 13077
003 ES-MaACL
005 20230906150503.0
007 t|
008 880311s1987 sp ||||0| spa
020 _a84-404-0465-4
080 _a860 Unamuno, Miguel de 2.06
245 0 3 _aLa poesía de Miguel de Unamuno /
_cedición a cargo de José Ángel Ascunce Arrieta.
260 _aSan Sebastián :
_bUniversidad de Deusto, Facultad de Filosofía y Letras,
_c[1987]
300 _a375 p ;
_c22 cm.
490 1 _aCuadernos universitarios. Departamento de literatura ;
_v3
594 _aVolumen homenaje en el cincuentenario de la muerte de Miguel de Unamuno (1936-1986)
600 1 4 _aUnamuno, Miguel de,
_d1864-1936-
_xPoesía
_9111989
700 1 _aAscunce Arrieta, José Ángel.
_923553
710 2 _aUniversidad de Deusto.
_bFacultad de Filosofía y Letras.
_97173
830 1 _aCuadernos universitarios. Departamento de literatura ;
_v3
_9179413
852 _aES-MaACL
_jL-20365
999 _c13077
_d13077